000 00949namaa2200205 i 4500
001 173967
003 ES-MaACL
005 20230906215414.0
008 100203s1897 sp |||| | spa d
040 _aSpMaBN
_bspa
_cPAB
100 1 _aÁlvarez Quintero, Serafín,
_d1871-1938
_9226443
245 1 3 _aEl tío de la flauta
_b: juguete cómico en un acto y en prosa /
_coriginal de Serafín y Joaquín Álvarez Quintero.
260 _aMadrid :
_b[s.n.],
_c1897 (
_fR. Velasco, Imp.)
300 _a28 p. ;
_c18 cm.
500 _aEn port.: Estrenado con buen éxito en el teatro de la Comedia el 13 de marzo de 1897.
500 _aEn la cubierta precede al tít.: Administración Lírico-Dramática.
700 1 _aÁlvarez Quintero, Joaquín,
_d1873-1944
_920922
852 _aES-MaACL
_jF-8636(5)
_z.- Enc. pasta española
_z.- Enc. en un vol. facticio formando parte de la col. facticia "Teatro español moderno", vol. 91
999 _c173967
_d173967